[Event "British Rapidplay"]
[Site "Peterborough"]
[Date "2025.03.02"]
[Round "11.22"]
[White "Baer, Bruce L"]
[Black "Shearsby, Jude"]
[Result "1-0"]
[WhiteElo "1976"]
[BlackElo "2152"]
[PlyCount "97"]
[EventDate "2025.03.01"]
[EventType "swiss (rapid)"]
[EventRounds "11"]
[EventCountry "ENG"]
[SourceTitle "BritBase"]
[Source "John Saunders"]
[SourceDate "2025.03.03"]
[SourceVersion "1"]
[SourceVersionDate "2025.03.03"]
[SourceQuality "2"]

1. Nf3 Nf6 2. g3 g6 3. Bg2 Bg7 4. O-O O-O 5. d3 d5 6. Nbd2 c5 7. e4 Nc6 8. Re1 e5 9. exd5 Nxd5 10. Nc4 Re8 11. Ng5 f6 12. Ne4 b6 13. Ned6 Be6 14. Nxe8 Qxe8 15. f4 Rd8 16. fxe5 fxe5 17. Bg5 Rd7 18. Qd2 b5 19. Na3 a6 20. Bh6 Qf8 21. Rf1 Qd6 22. Bxg7 Kxg7 23. Rae1 Bf5 24. h3 Ndb4 25. Qe3 Qd4 26. Qxd4 Nxd4 27. Rxe5 Nbxc2 28. Nxc2 Nxc2 29. Rxc5 Ne3 30. Re1 Rxd3 31. g4 Be6 32. Be4 Rd1 33. Rxd1 Nxd1 34. b3 b4 35. Rc6 Kf7 36. Rxa6 Nc3 37. Bd3 h5 38. Bxg6+ Kxg6 39. Rxe6+ Kg5 40. Re5+ Kf6 41. Ra5 hxg4 42. hxg4 Ne4 43. Kg2 Kg6 44. Kf3 Nc3 45. Ke3 Kf6 46. Kd4 Ne2+ 47. Kc4 Nc1 48. Kxb4 Nxa2+ 49. Rxa2 1-0

[Event "British Rapidplay"]
[Site "Peterborough"]
[Date "2025.03.02"]
[Round "11.23"]
[White "Fava, Lorenzo"]
[Black "Banerjee, Supratit"]
[Result "1-0"]
[WhiteElo "2306"]
[BlackElo "2250"]
[PlyCount "155"]
[EventDate "2025.03.01"]
[EventType "swiss (rapid)"]
[EventRounds "11"]
[EventCountry "ENG"]
[SourceTitle "BritBase"]
[Source "John Saunders"]
[SourceDate "2025.03.03"]
[SourceVersion "1"]
[SourceVersionDate "2025.03.03"]
[SourceQuality "2"]

1. c4 Nf6 2. g3 g6 3. Bg2 Bg7 4. Nc3 O-O 5. Nf3 c6 6. e4 d6 7. O-O e5 8. h3 Nbd7 9. Re1 Re8 10. b3 Nc5 11. d3 a5 12. Bb2 Ne6 13. a3 Nd4 14. Nxd4 exd4 15. Ne2 c5 16. Qd2 Nd7 17. b4 Ne5 18. f4 Nc6 19. Kh2 h5 20. b5 Nb8 21. Ng1 Nd7 22. Nf3 Nf8 23. Re2 Be6 24. Rf1 Bh6 25. Qd1 Nh7 26. Nh4 Bd7 27. Ref2 Bg7 28. f5 g5 29. Nf3 Kh8 30. Bc1 Bf6 31. Ng1 h4 32. gxh4 gxh4 33. Qh5 Qe7 34. Ne2 Rg8 35. Nf4 Rg5 36. Qe2 Be5 37. Kh1 Rag8 38. Nd5 Qf8 39. Bxg5 Rxg5 40. Bf3 Rg3 41. Bg4 Ng5 42. Rg2 Qh6 43. Rxg3 hxg3 44. Kg2 Qh4 45. f6 Nxh3 46. Bxd7 Nf2 47. Rxf2 Qh2+ 48. Kf3 Qh5+ 49. Bg4 Qh1+ 50. Rg2 Kg8 51. Ne7+ Kf8 52. Nf5 Qc1 53. Rxg3 Qh1+ 54. Kf2 Qh2+ 55. Rg2 Qf4+ 56. Kg1 Qc1+ 57. Qf1 Qg5 58. Be2 Qxf6 59. Qf3 Qh8 60. Qh5 Qxh5 61. Bxh5 b6 62. Kf2 a4 63. Bd1 Bf4 64. Bxa4 Be5 65. Bb3 Bf4 66. Kf3 Bc1 67. Rc2 Bg5 68. a4 Bd8 69. Nxd6 Ke7 70. Nf5+ Kf6 71. Rh2 Ke5 72. Rh8 Bc7 73. Re8+ Kf6 74. Rc8 Bh2 75. Rc6+ Ke5 76. Rxb6 f6 77. a5 Bg3 78. a6 1-0

[Event "British Rapidplay"]
[Site "Peterborough"]
[Date "2025.03.02"]
[Round "11.24"]
[White "Mikalajunas, Kajus"]
[Black "Clarke, James"]
[Result "1-0"]
[WhiteElo "2080"]
[BlackElo "1941"]
[PlyCount "137"]
[EventDate "2025.03.01"]
[EventType "swiss (rapid)"]
[EventRounds "11"]
[EventCountry "ENG"]
[SourceTitle "BritBase"]
[Source "John Saunders"]
[SourceDate "2025.03.03"]
[SourceVersion "1"]
[SourceVersionDate "2025.03.03"]
[SourceQuality "2"]

1. Nf3 Nf6 2. g3 g6 3. Bg2 Bg7 4. O-O O-O 5. c4 c6 6. d4 d5 7. cxd5 cxd5 8. Ne5 Nc6 9. Nc3 Bf5 10. Bg5 Ne4 11. Nxe4 dxe4 12. Nxc6 bxc6 13. Be3 Rb8 14. b3 c5 15. dxc5 Bxa1 16. Qxa1 Re8 17. Rd1 Qc7 18. h3 Rbd8 19. Rxd8 Rxd8 20. g4 Be6 21. Bxe4 Bd5 22. Bd3 Qc6 23. Qe5 Bh1 24. f3 Bxf3 25. Bh6 Qf6 26. Qxf6 exf6 27. Bf4 Bd5 28. Bb5 Rc8 29. b4 Bxa2 30. Bd7 Be6 31. Bxc8 Bxc8 32. c6 Kf8 33. b5 Be6 34. Be3 Bc4 35. c7 Be6 36. Bxa7 Bc8 37. Bc5+ Ke8 38. b6 Kd7 39. Bd4 Kc6 40. Kg2 f5 41. g5 Kd7 42. Kf3 Bb7+ 43. Kf4 Ke6 44. h4 Bc8 45. Bf2 Bb7 46. Ke3 Kd5 47. Kd3 Bc8 48. Kc3 Kc6 49. Kb4 Kb7 50. Kc5 f4 51. Kd6 Bg4 52. Ke7 Be6 53. Kf6 Kc8 54. Kg7 Kb7 55. Kxh7 Kc8 56. Kg7 Kb7 57. Kf6 Kc8 58. Ke5 f3 59. exf3 Kb7 60. Kf6 Bd5 61. f4 Bc4 62. f5 gxf5 63. Kxf5 Bd3+ 64. Kf6 Bg6 65. Kg7 Kc8 66. Kh6 Be4 67. h5 Kd7 68. Kg7 Bf3 69. h6 1-0

[Event "British Rapidplay"]
[Site "Peterborough"]
[Date "2025.03.02"]
[Round "11.25"]
[White "Fellowes, Billy"]
[Black "Vashisht-Pigem, Raman"]
[Result "1-0"]
[WhiteElo "2203"]
[BlackElo "1965"]
[PlyCount "103"]
[EventDate "2025.03.01"]
[EventType "swiss (rapid)"]
[EventRounds "11"]
[EventCountry "ENG"]
[SourceTitle "BritBase"]
[Source "John Saunders"]
[SourceDate "2025.03.03"]
[SourceVersion "1"]
[SourceVersionDate "2025.03.03"]
[SourceQuality "2"]

1. e4 e5 2. Nf3 Nc6 3. Bc4 Nf6 4. d3 Bc5 5. c3 d6 6. h3 a6 7. a4 Ba7 8. O-O h6 9. Qe2 g5 10. Be3 g4 11. hxg4 Bxg4 12. Bxa7 Rxa7 13. Qe3 Rg8 14. Nbd2 Nh5 15. Qxh6 Nf4 16. Qh7 Rf8 17. Bxf7+ Rxf7 18. Qg8+ Rf8 19. Qxg4 Nxd3 20. Qh5+ Kd7 21. Qh3+ Ke8 22. g3 Qf6 23. Qc8+ Qd8 24. Qg4 Qd7 25. Qxd7+ Kxd7 26. b4 Ne7 27. Kg2 Rh8 28. Rh1 Raa8 29. Nc4 Rxh1 30. Rxh1 b5 31. Na3 a5 32. Nxb5 axb4 33. Rd1 Nb2 34. Rb1 bxc3 35. Nxc3 Nxa4 36. Ra1 Nb6 37. Rd1 Ke6 38. Nb5 Rc8 39. Ng5+ Kf6 40. f4 exf4 41. gxf4 Ng6 42. Kf3 Ne5+ 43. fxe5+ Kxg5 44. Rg1+ Kh6 45. e6 Re8 46. Nxc7 Re7 47. Nd5 Nxd5 48. exd5 Kh5 49. Rg8 Kh6 50. Ke4 Kh7 51. Rd8 Kg6 52. Rxd6 1-0

[Event "British Rapidplay"]
[Site "Peterborough"]
[Date "2025.03.02"]
[Round "11.26"]
[White "Surtees, Michael J"]
[Black "Walker, Martin Graham"]
[Result "1/2-1/2"]
[WhiteElo "2099"]
[BlackElo "2091"]
[PlyCount "62"]
[EventDate "2025.03.01"]
[EventType "swiss (rapid)"]
[EventRounds "11"]
[EventCountry "ENG"]
[SourceTitle "BritBase"]
[Source "John Saunders"]
[SourceDate "2025.03.03"]
[SourceVersion "1"]
[SourceVersionDate "2025.03.03"]
[SourceQuality "2"]

1. e4 Nf6 2. d3 e5 3. f4 exf4 4. Bxf4 d6 5. Nf3 Be7 6. Be2 O-O 7. O-O Nbd7 8. Nc3 Re8 9. d4 Bf8 10. Bd3 g6 11. Qd2 c6 12. a4 Qc7 13. Kh1 Bg7 14. e5 dxe5 15. Nxe5 Qb6 16. Bc4 Nxe5 17. Bxe5 Be6 18. b3 Nd7 19. a5 Qb4 20. Bxg7 Kxg7 21. Ra4 Qe7 22. h3 Bxc4 23. bxc4 Qe3 24. Rd1 Qxd2 25. Rxd2 Rad8 26. Re2 Rxe2 27. Nxe2 Nf6 28. Rb4 Rd7 29. Kg1 c5 30. dxc5 Ne4 31. c3 Nxc5 1/2-1/2

[Event "British Rapidplay"]
[Site "Peterborough"]
[Date "2025.03.02"]
[Round "11.27"]
[White "Dicen, Elis Denele"]
[Black "Andal, Edmond"]
[Result "1/2-1/2"]
[WhiteElo "2129"]
[BlackElo "2011"]
[PlyCount "187"]
[EventDate "2025.03.01"]
[EventType "swiss (rapid)"]
[EventRounds "11"]
[EventCountry "ENG"]
[SourceTitle "BritBase"]
[Source "John Saunders"]
[SourceDate "2025.03.03"]
[SourceVersion "1"]
[SourceVersionDate "2025.03.03"]
[SourceQuality "2"]

1. d4 e6 2. e4 d5 3. Nc3 dxe4 4. Nxe4 Bd7 5. Nf3 Bc6 6. Bd3 Nd7 7. c3 Ngf6 8. Ng3 Bd6 9. O-O O-O 10. Re1 Bxf3 11. Qxf3 c6 12. Nh5 Nxh5 13. Qxh5 g6 14. Qf3 Re8 15. g3 Qf6 16. Qg4 h5 17. Qh3 Rad8 18. Be3 a6 19. Qg2 e5 20. h4 Qg7 21. Rad1 exd4 22. Bxd4 Be5 23. Be3 Bf6 24. Bc2 Ne5 25. Bd4 Nd7 26. Rxe8+ Rxe8 27. Bb3 Bxd4 28. cxd4 Qf6 29. Qf1 Re7 30. Qc4 Kg7 31. Qd3 c5 32. Kg2 cxd4 33. Qxd4 Ne5 34. Qc3 Ng4 35. Qxf6+ Nxf6 36. Rd2 Ne4 37. Rc2 Nf6 38. f3 Ne8 39. Kf2 Nd6 40. Rd2 Ne8 41. Bc2 Nf6 42. Bb3 Rc7 43. Ke3 Kf8 44. Rd6 Ke7 45. Rd1 Ne8 46. Kf4 Nd6 47. g4 Rc5 48. Re1+ Kd7 49. Rd1 Ke7 50. Re1+ Kd7 51. Re5 Rxe5 52. Kxe5 Ke7 53. Bd5 f6+ 54. Kd4 b6 55. a4 a5 56. Bb3 Nb7 57. Bc2 Nc5 58. Bxg6 hxg4 59. fxg4 Nxa4 60. b3 Nc5 61. Kc4 Kf8 62. Bc2 Nd7 63. Kb5 Ke7 64. Bf5 Nc5 65. Kc4 a4 66. bxa4 Nxa4 67. Kb5 Nc3+ 68. Kxb6 Nd5+ 69. Kc5 Nc7 70. Kc6 Ne8 71. h5 Nd6 72. Kc7 Nf7 73. Kc6 Nh6 74. Kd5 Nf7 75. Ke4 Nh6 76. Kf4 Kf7 77. Bd3 Kf8 78. Bc4 Kg7 79. Be6 Kf8 80. Ke4 Ke7 81. Bf5 Nf7 82. Kd5 Nh6 83. Kc6 Nf7 84. Kc7 Nh6 85. Kb6 Kd6 86. Kb5 Ke5 87. Bc8 Kf4 88. Kc5 Kg5 89. Kd6 f5 90. gxf5 Nxf5+ 91. Bxf5 Kxf5 92. h6 Kg6 93. Ke5 Kxh6 94. Ke4 1/2-1/2

[Event "British Rapidplay"]
[Site "Peterborough"]
[Date "2025.03.02"]
[Round "11.28"]
[White "Bevis, Noah"]
[Black "Kothari, Jai"]
[Result "1/2-1/2"]
[WhiteElo "1777"]
[BlackElo "2035"]
[PlyCount "244"]
[EventDate "2025.03.01"]
[EventType "swiss (rapid)"]
[EventRounds "11"]
[EventCountry "ENG"]
[SourceTitle "BritBase"]
[Source "John Saunders"]
[SourceDate "2025.03.03"]
[SourceVersion "1"]
[SourceVersionDate "2025.03.03"]
[SourceQuality "2"]

1. d4 Nf6 2. Bf4 e6 3. e3 d5 4. Nf3 c5 5. c3 Qb6 6. Qb3 c4 7. Qc2 Nc6 8. Nbd2 Be7 9. h3 Qd8 10. a4 Na5 11. Be2 a6 12. e4 Nb3 13. Nxb3 cxb3 14. Qxb3 Nxe4 15. O-O O-O 16. Rad1 f5 17. Nd2 Bd6 18. Bxd6 Nxd6 19. c4 Ne4 20. Nxe4 fxe4 21. f3 exf3 22. Rxf3 Rxf3 23. Bxf3 dxc4 24. Qxc4 Qb6 25. b4 Bd7 26. a5 Qd6 27. Qc5 Qg3 28. Qe5 Qg6 29. Qc7 Bb5 30. Qxb7 Rf8 31. Qe4 Qxe4 32. Bxe4 Rd8 33. Kf2 Kf7 34. Ke3 g6 35. Rc1 Kf6 36. Rc5 Rb8 37. Bc6 Bf1 38. Rc1 Bb5 39. Bxb5 Rxb5 40. Rc6 Rxb4 41. d5 Rb3+ 42. Kf2 Rb5 43. Rxe6+ Kf7 44. Rxa6 Rxd5 45. Ra7+ Kf6 46. a6 h5 47. Ra8 Ra5 48. a7 Kg5 49. Kf3 Ra4 50. g3 Ra3+ 51. Ke4 Ra5 52. h4+ Kg4 53. Rg8 Ra4+ 54. Ke5 Ra5+ 55. Kd6 Ra6+ 56. Kc5 Rxa7 57. Rxg6+ Kf5 58. Rg5+ Kf6 59. Kb6 Ra3 60. Kb5 Rf3 61. Kc4 Rf5 62. Rg8 Re5 63. Kd4 Ra5 64. Ke4 Rb5 65. Kf4 Rb4+ 66. Kf3 Rb5 67. Re8 Kg6 68. Re6+ Kg7 69. Kf4 Rb4+ 70. Kf3 Rc4 71. Re4 Rc5 72. Kf4 Kf6 73. Ra4 Rf5+ 74. Ke4 Rf1 75. Ra6+ Kg7 76. Rd6 Rf2 77. Rd3 Kg6 78. Re3 Rf1 79. Ke5 Rf2 80. Ra3 Rf1 81. Ra6+ Kg7 82. Ra4 Kg6 83. Rf4 Re1+ 84. Re4 Rf1 85. Re3 Rf2 86. Ke4 Rf1 87. Re2 Rf8 88. Ra2 Rf1 89. Ra5 Rf2 90. Rg5+ Kh6 91. Ke3 Rf1 92. Ke2 Rf8 93. Re5 Kg6 94. Re4 Rf7 95. Rf4 Re7+ 96. Kf3 Re6 97. Rf8 Ra6 98. Ke4 Ra4+ 99. Ke5 Ra5+ 100. Ke6 Ra6+ 101. Kd5 Ra5+ 102. Kc4 Kg7 103. Rf3 Re5 104. Kd4 Re8 105. Rf5 Kg6 106. Rg5+ Kh6 107. Re5 Rd8+ 108. Ke4 Rd1 109. Re6+ Kh7 110. Kf5 Rd3 111. Kf4 Rd4+ 112. Kg5 Rg4+ 113. Kxh5 Rxg3 114. Re7+ Kg8 115. Kh6 Ra3 116. Re6 Ra8 117. h5 Kh8 118. Kg6 Kg8 119. h6 Kh8 120. Rf6 Rb8 121. Rf7 Rb6+ 122. Kg5 Rb5+ 1/2-1/2

[Event "British Rapidplay"]
[Site "Peterborough"]
[Date "2025.03.02"]
[Round "11.29"]
[White "Davis, Colin J"]
[Black "Quilter, Thomas A"]
[Result "0-1"]
[WhiteElo "1987"]
[BlackElo "2162"]
[PlyCount "74"]
[EventDate "2025.03.01"]
[EventType "swiss (rapid)"]
[EventRounds "11"]
[EventCountry "ENG"]
[SourceTitle "BritBase"]
[Source "John Saunders"]
[SourceDate "2025.03.03"]
[SourceVersion "1"]
[SourceVersionDate "2025.03.03"]
[SourceQuality "2"]

1. d3 d5 2. g3 e5 3. Nf3 Nc6 4. a3 Be6 5. Bg2 Qd7 6. b4 f6 7. Nbd2 Bh3 8. O-O g5 9. b5 Nce7 10. c4 h5 11. cxd5 Nxd5 12. Qb3 O-O-O 13. Ne4 h4 14. Bxg5 Bxg2 15. Kxg2 fxg5 16. Nexg5 hxg3 17. hxg3 Nf4+ 18. Kg1 Nxe2+ 19. Kg2 Nf4+ 20. Kg1 Nh3+ 21. Kg2 Nxg5 22. Nxg5 Qd5+ 23. Qxd5 Rxd5 24. Rfe1 Bg7 25. Ne6 Bf6 26. Rac1 Rh7 27. f4 Re7 28. f5 Nh6 29. Rf1 Nxf5 30. Nxc7 Rxc7 31. Rxc7+ Kxc7 32. Rxf5 Be7 33. a4 Kd6 34. g4 Rxd3 35. g5 Ke6 36. Rf2 Bxg5 37. Rf8 Rd8 0-1

[Event "British Rapidplay"]
[Site "Peterborough"]
[Date "2025.03.02"]
[Round "11.30"]
[White "Brett, Andrew R"]
[Black "Mokhber-Garcia, Sebastian"]
[Result "1-0"]
[WhiteElo "2060"]
[BlackElo "1908"]
[PlyCount "147"]
[EventDate "2025.03.01"]
[EventType "swiss (rapid)"]
[EventRounds "11"]
[EventCountry "ENG"]
[SourceTitle "BritBase"]
[Source "John Saunders"]
[SourceDate "2025.03.03"]
[SourceVersion "1"]
[SourceVersionDate "2025.03.03"]
[SourceQuality "2"]

1. d4 Nf6 2. c4 e6 3. Nf3 d5 4. cxd5 exd5 5. Nc3 c6 6. Qc2 Bd6 7. Bg5 h6 8. Bxf6 gxf6 9. e3 Be6 10. Bd3 Qd7 11. Nh4 Rg8 12. g3 a5 13. Nf5 Bxf5 14. Bxf5 Qd8 15. O-O Nd7 16. Rfe1 Kf8 17. e4 dxe4 18. Nxe4 Be7 19. Re2 Nb6 20. a3 Nd5 21. Qd2 Rh8 22. Rae1 Kg7 23. Nc3 Bf8 24. Re4 h5 25. Qe2 Ne7 26. Bh3 Ng6 27. Bf5 h4 28. Rg4 hxg3 29. fxg3 Rh6 30. Qe4 Bd6 31. h4 Kh8 32. Bxg6 fxg6 33. Rxg6 Bf8 34. Rxh6+ Bxh6 35. Kg2 Qf8 36. Qg6 Qg7 37. Qxg7+ Bxg7 38. g4 b5 39. Ne2 b4 40. Rc1 bxa3 41. bxa3 a4 42. Rxc6 Bf8 43. Rc3 Rb8 44. Kf3 Rb3 45. Ke4 Bxa3 46. Kf5 Kg7 47. Rc7+ Kf8 48. Kxf6 Rb6+ 49. Kf5 Bd6 50. Ra7 a3 51. Nc3 Rb3 52. Ne4 Be7 53. h5 Rb5+ 54. Ke6 Rb6+ 55. Ke5 Rb2 56. d5 a2 57. d6 Bd8 58. g5 Rb5+ 59. Ke6 Ra5 60. Rd7 Bxg5 61. Nxg5 a1=Q 62. Nh7+ Kg8 63. Nf6+ Qxf6+ 64. Kxf6 Rxh5 65. Rd8+ Kh7 66. d7 Rd5 67. Ke6 Rd1 68. Re8 Re1+ 69. Kd6 Rd1+ 70. Kc6 Rc1+ 71. Kb5 Rb1+ 72. Kc4 Rc1+ 73. Kb3 Rb1+ 74. Ka2 1-0

[Event "British Rapidplay"]
[Site "Peterborough"]
[Date "2025.03.02"]
[Round "11.31"]
[White "Ansari, Athar"]
[Black "Ortiz Sanchez, Luis"]
[Result "1-0"]
[WhiteElo "1954"]
[BlackElo "1913"]
[PlyCount "89"]
[EventDate "2025.03.01"]
[EventType "swiss (rapid)"]
[EventRounds "11"]
[EventCountry "ENG"]
[SourceTitle "BritBase"]
[Source "John Saunders"]
[SourceDate "2025.03.03"]
[SourceVersion "1"]
[SourceVersionDate "2025.03.03"]
[SourceQuality "2"]

1. d4 f5 2. Nf3 Nf6 3. Bf4 d6 4. e3 g6 5. c3 Bg7 6. Qb3 e6 7. Bc4 Qe7 8. Nbd2 c6 9. Qa3 Bf8 10. Qb3 b5 11. Bd3 Bg7 12. a4 bxa4 13. Rxa4 O-O 14. Qa3 Rd8 15. Nc4 Bb7 16. Bxd6 Qe8 17. Rxa7 Nbd7 18. O-O Ne4 19. Bxe4 fxe4 20. Nfe5 Nxe5 21. dxe5 Qd7 22. h3 c5 23. Ra1 Qb5 24. Qxc5 Qxc5 25. Bxc5 Bd5 26. Rxa8 Rxa8 27. Rxa8+ Bxa8 28. Bd6 Kf7 29. b4 Ke8 30. b5 Kd8 31. Kf1 Bd5 32. Na5 Kc8 33. c4 Ba8 34. Ke2 Bh6 35. h4 g5 36. g3 gxh4 37. gxh4 Bg7 38. Kd2 Kd7 39. c5 Kc8 40. Kc3 Bd5 41. Nc4 Kb7 42. Nb6 Ba2 43. Kb2 Bd5 44. Nxd5 exd5 45. Kc3 1-0

[Event "British Rapidplay"]
[Site "Peterborough"]
[Date "2025.03.02"]
[Round "11.32"]
[White "Hryshchenko, Kamila"]
[Black "Sajanani, Vikas"]
[Result "0-1"]
[WhiteElo "2119"]
[BlackElo "1902"]
[PlyCount "86"]
[EventDate "2025.03.01"]
[EventType "swiss (rapid)"]
[EventRounds "11"]
[EventCountry "ENG"]
[SourceTitle "BritBase"]
[Source "John Saunders"]
[SourceDate "2025.03.03"]
[SourceVersion "1"]
[SourceVersionDate "2025.03.03"]
[SourceQuality "2"]

1. e4 c6 2. d4 d5 3. e5 Bf5 4. h4 h5 5. Bd3 Bxd3 6. Qxd3 e6 7. Nf3 Ne7 8. Bg5 Qb6 9. Nbd2 Nf5 10. O-O c5 11. c4 Nc6 12. cxd5 Nb4 13. Qe4 Nxd5 14. Nc4 Qa6 15. Rac1 Qxa2 16. Nd6+ Bxd6 17. exd6 Nxd6 18. Qe5 Nf5 19. dxc5 O-O 20. Rfd1 Rac8 21. Rd3 Qa6 22. Rxd5 f6 23. Bxf6 gxf6 24. Qe4 exd5 25. Qxd5+ Kh8 26. Qxf5 Rc7 27. Ne5 Kg8 28. Ng6 Re8 29. Qxh5 Rh7 30. Qf5 Qe6 31. Qc2 Rg7 32. h5 Qg4 33. Qc4+ Qxc4 34. Rxc4 Rc7 35. g4 b6 36. b4 bxc5 37. bxc5 Kf7 38. c6 Re6 39. Rd4 Rexc6 40. Rd8 Rc4 41. f3 Rc2 42. Rd3 Ra2 43. Nf4 Rc1+ 0-1

[Event "British Rapidplay"]
[Site "Peterborough"]
[Date "2025.03.02"]
[Round "11.33"]
[White "White, Stuart A"]
[Black "Finn, Peter"]
[Result "0-1"]
[WhiteElo "2024"]
[BlackElo "2205"]
[PlyCount "106"]
[EventDate "2025.03.01"]
[EventType "swiss (rapid)"]
[EventRounds "11"]
[EventCountry "ENG"]
[SourceTitle "BritBase"]
[Source "John Saunders"]
[SourceDate "2025.03.03"]
[SourceVersion "1"]
[SourceVersionDate "2025.03.03"]
[SourceQuality "2"]

1. c4 Nf6 2. g3 e6 3. Bg2 d5 4. Nf3 Be7 5. O-O O-O 6. b3 d4 7. e3 c5 8. Ne5 Qc7 9. f4 Nfd7 10. exd4 cxd4 11. Nxd7 Bxd7 12. d3 Bc6 13. Ba3 Bxg2 14. Kxg2 Nc6 15. Bxe7 Nxe7 16. g4 f5 17. g5 Ng6 18. Qd2 e5 19. fxe5 Qxe5 20. Na3 f4 21. Rae1 Qxg5+ 22. Kh1 Rae8 23. Nc2 Qf6 24. Qf2 Ne5 25. Qxd4 Qc6+ 26. Qe4 Nxd3 27. Qxc6 bxc6 28. Rd1 Re2 29. Rxd3 Rxc2 30. Rd6 Rxa2 31. Rxc6 h6 32. Rc7 g5 33. Kg1 Rf7 34. Rc6 Kg7 35. b4 g4 36. b5 f3 37. c5 Rg2+ 38. Kh1 Rb2 39. b6 axb6 40. cxb6 Rf6 41. Rc7+ Kg6 42. b7 Rd6 43. Rfc1 Rdb6 44. R7c4 h5 45. Rc6+ Rxc6 46. Rxc6+ Kg5 47. Kg1 Rxb7 48. Rc2 Kh4 49. h3 Kg3 50. Rc1 Rb2 51. hxg4 hxg4 52. Kh1 Rh2+ 53. Kg1 f2+ 0-1

[Event "British Rapidplay"]
[Site "Peterborough"]
[Date "2025.03.02"]
[Round "11.34"]
[White "Deva, Chetan"]
[Black "Sagues, Vincent"]
[Result "1/2-1/2"]
[WhiteElo "2181"]
[BlackElo "1936"]
[PlyCount "55"]
[EventDate "2025.03.01"]
[EventType "swiss (rapid)"]
[EventRounds "11"]
[EventCountry "ENG"]
[SourceTitle "BritBase"]
[Source "John Saunders"]
[SourceDate "2025.03.03"]
[SourceVersion "1"]
[SourceVersionDate "2025.03.03"]
[SourceQuality "2"]

1. d4 d5 2. Bf4 Nf6 3. e3 c5 4. c3 Nc6 5. Nd2 Qb6 6. b3 Bf5 7. Ngf3 cxd4 8. exd4 e6 9. Nh4 Bg6 10. Nxg6 hxg6 11. Bd3 Be7 12. h3 O-O 13. O-O Rac8 14. Nf3 Qd8 15. Qd2 Bd6 16. Ne5 Qc7 17. Qe2 Nd7 18. Nxc6 Qxc6 19. Bd2 Bb8 20. g3 Nf6 21. Rac1 Qd7 22. Kg2 Bd6 23. Bg5 Rc7 24. Qf3 Be7 25. Bf4 Bd6 26. Bg5 Be7 27. Bf4 Bd6 28. Bg5 1/2-1/2

[Event "British Rapidplay"]
[Site "Peterborough"]
[Date "2025.03.02"]
[Round "11.35"]
[White "Fearnhead, Benjamin"]
[Black "Martin, Lewis"]
[Result "1-0"]
[WhiteElo "1881"]
[BlackElo "2050"]
[PlyCount "47"]
[EventDate "2025.03.01"]
[EventType "swiss (rapid)"]
[EventRounds "11"]
[EventCountry "ENG"]
[SourceTitle "BritBase"]
[Source "John Saunders"]
[SourceDate "2025.03.03"]
[SourceVersion "1"]
[SourceVersionDate "2025.03.03"]
[SourceQuality "2"]

1. e4 c6 2. d4 d5 3. e5 Bf5 4. h4 h5 5. Bg5 Qb6 6. Bd3 Bxd3 7. Qxd3 e6 8. Nd2 c5 9. c4 Nc6 10. Ngf3 Nb4 11. Qb3 cxd4 12. O-O f6 13. Bf4 Ne7 14. c5 Qxc5 15. Rac1 Qb6 16. exf6 Nec6 17. Ng5 e5 18. f7+ Ke7 19. a3 exf4 20. axb4 Rd8 21. Rfe1+ Kf6 22. Re6+ Kf5 23. Qd3+ Kg4 24. Qh3# 1-0

[Event "British Rapidplay"]
[Site "Peterborough"]
[Date "2025.03.02"]
[Round "11.36"]
[White "Balmond, Tom"]
[Black "Patel, Zain"]
[Result "0-1"]
[WhiteElo "1708"]
[BlackElo "2079"]
[PlyCount "68"]
[EventDate "2025.03.01"]
[EventType "swiss (rapid)"]
[EventRounds "11"]
[EventCountry "ENG"]
[SourceTitle "BritBase"]
[Source "John Saunders"]
[SourceDate "2025.03.03"]
[SourceVersion "1"]
[SourceVersionDate "2025.03.03"]
[SourceQuality "2"]

1. e4 a6 2. d4 e6 3. Bf4 d5 4. Nd2 c5 5. dxc5 Bxc5 6. Nb3 Nf6 7. Nxc5 Qa5+ 8. Qd2 Qxc5 9. exd5 Nxd5 10. Be5 O-O 11. Nf3 Nc6 12. Bg3 Rd8 13. Bd3 Ndb4 14. O-O Nxd3 15. cxd3 Qd5 16. Rfd1 e5 17. Qe3 Bg4 18. Rac1 Qxa2 19. Qb6 Nd4 20. Qxb7 Bxf3 21. gxf3 Ne2+ 22. Kh1 Nxc1 23. Rxc1 Qd5 24. Qc7 Qxf3+ 25. Kg1 Qxd3 26. Qxe5 h6 27. Qf4 Qd2 28. Qc4 Qxb2 29. Qc5 Rac8 30. Qxc8 Rxc8 31. Rxc8+ Kh7 32. Rc7 Kg6 33. Rc6+ f6 34. Rxa6 Qb1+ 0-1

[Event "British Rapidplay"]
[Site "Peterborough"]
[Date "2025.03.02"]
[Round "11.38"]
[White "Reghu, Jyothika U"]
[Black "Birtwistle, Nigel"]
[Result "0-1"]
[WhiteElo "1767"]
[BlackElo "2025"]
[PlyCount "154"]
[EventDate "2025.03.01"]
[EventType "swiss (rapid)"]
[EventRounds "11"]
[EventCountry "ENG"]
[SourceTitle "BritBase"]
[Source "John Saunders"]
[SourceDate "2025.03.03"]
[SourceVersion "1"]
[SourceVersionDate "2025.03.03"]
[SourceQuality "2"]

1. e4 c5 2. Nc3 g6 3. g3 Bg7 4. Bg2 Nc6 5. d3 d6 6. Be3 Rb8 7. a4 a6 8. Qd2 Nd4 9. Rb1 e6 10. Nce2 b5 11. Bxd4 cxd4 12. axb5 axb5 13. Nf3 Qb6 14. b4 Ne7 15. O-O O-O 16. Rfc1 Bd7 17. c4 dxc3 18. Nxc3 Rfc8 19. d4 Nc6 20. Ne2 Ra8 21. d5 Ne5 22. Nxe5 Bxe5 23. Bh3 Rc4 24. Rxc4 bxc4 25. Kg2 Ra3 26. f4 Rd3 27. Qc1 Bg7 28. dxe6 fxe6 29. Qxc4 Qe3 30. Bxe6+ Kf8 31. Re1 Be8 32. Bd5 Qf3+ 33. Kg1 Rd2 34. e5 Qxd5 35. Qxd5 Rxd5 36. Nc3 Rd4 37. b5 Rc4 38. Ne4 dxe5 39. Nd6 Rb4 40. fxe5 Bxb5 41. Nxb5 Rxb5 42. e6 Re5 43. Rf1+ Kg8 44. Kg2 Rxe6 45. Rf2 g5 46. g4 Re4 47. h3 Be5 48. Rf3 Bf4 49. Ra3 Re2+ 50. Kf3 Re7 51. Rb3 Kf7 52. h4 h6 53. hxg5 hxg5 54. Ra3 Rc7 55. Ke4 Re7+ 56. Kf3 Kf6 57. Ra6+ Re6 58. Ra3 Re1 59. Ra6+ Ke7 60. Ra7+ Ke6 61. Ra6+ Kd5 62. Kf2 Re3 63. Ra5+ Kc4 64. Ra4+ Kb5 65. Ra1 Rg3 66. Rb1+ Kc5 67. Rg1 Rxg1 68. Kxg1 Kd4 69. Kf2 Ke4 70. Kg2 Ke3 71. Kh3 Be5 72. Kg2 Kf4 73. Kh3 Bc3 74. Kg2 Kxg4 75. Kf1 Kf3 76. Kg1 g4 77. Kh2 g3+ 0-1

[Event "British Rapidplay"]
[Site "Peterborough"]
[Date "2025.03.02"]
[Round "11.39"]
[White "Davison, Chris"]
[Black "Kumar, Arnav"]
[Result "1-0"]
[WhiteElo "1997"]
[BlackElo "1767"]
[PlyCount "93"]
[EventDate "2025.03.01"]
[EventType "swiss (rapid)"]
[EventRounds "11"]
[EventCountry "ENG"]
[SourceTitle "BritBase"]
[Source "John Saunders"]
[SourceDate "2025.03.03"]
[SourceVersion "1"]
[SourceVersionDate "2025.03.03"]
[SourceQuality "2"]

1. d4 d5 2. c4 e6 3. Nc3 Nf6 4. cxd5 exd5 5. Bg5 c6 6. e3 h6 7. Bh4 Be7 8. Bd3 O-O 9. Nge2 Nbd7 10. O-O Re8 11. f3 Nf8 12. Bf2 Ne6 13. Ng3 c5 14. dxc5 Bxc5 15. Rc1 Bb6 16. Nf5 Nc5 17. Bb1 Bxf5 18. Bxf5 Ne6 19. Na4 Bc7 20. Qb3 b6 21. Rfd1 Qe7 22. Nc3 Nc5 23. Qc2 Rad8 24. Ne2 Bb8 25. Nd4 Qe5 26. g3 Qd6 27. b4 Ne6 28. Bxe6 fxe6 29. b5 Nd7 30. Nc6 Rc8 31. e4 Ne5 32. f4 Nc4 33. exd5 exd5 34. Nxb8 Qxb8 35. Qf5 Rcd8 36. Rxd5 Nd6 37. Qg6 Nf7 38. Bd4 Ne5 39. Bxe5 Qb7 40. Rc7 Qxc7 41. Bxc7 Rxd5 42. Qxe8+ Kh7 43. Qe4+ Kh8 44. Qxd5 h5 45. Qf7 h4 46. Be5 hxg3 47. Qxg7# 1-0